[Event "FRA-chT Top 12 2019"]
[Site "Brest"]
[Date "2019.05.19"]
[Round "2.5"]
[White "Ribbegren, Karl Johan"]
[Black "Guichard, Pauline"]
[Result "1-0"]
[WhiteElo "2209"]
[BlackElo "2430"]
[Annotator "TA"]
[PlyCount "71"]
[EventDate "2019.05.18"]
[EventType "team-tourn"]
[EventCountry "FRA"]
[SourceTitle "playchess.com"]
[Source "ChessBase"]
[SourceQuality "1"]

{[%evp 13,71,4,8,0,9,0,0,0,15,1,8,-18,16,13,45,31,40,34,77,101,70,61,103,44,75,0,149,85,149,71,87,65,172,74,184,174,171,162,160,136,222,220,264,264,264,263,354,349,345,360,537,525,541,546,543,492,1362,1345,1300,1262]} 1. c4 Nf6 2. g3 g6 3. Bg2 Bg7 4. Nc3 O-O 5. e3 e5 6. Nge2 Re8 7. O-O d6 8. Rb1 {A24: English Opening vs King's Indian: Lines without ...Nc6} (8. d3 c6 9. e4 a6 10. h3 b5 11. b3 Bb7 12. Be3 Nbd7 13. Qd2 Rb8 14. Rac1 d5 15. exd5 cxd5 16. cxd5 Nb6 17. Ne4 Nbxd5 {½-½ (78) Maghsoodloo,P (2584)-Wen,Y (2617) Bandar e Anzali 2017}) 8... a5 9. a3 c6 10. e4 $146 {The position is equal.} ({Predecessor:} 10. d4 e4 11. d5 c5 12. Qc2 Bf5 13. Nb5 h5 14. Bd2 Na6 {½-½ (30) Cerisier,P (2275)-Weill,R (2200) Rouen 1987}) 10... Be6 11. d3 Na6 12. h3 Nc7 13. f4 b5 {[%cal Bb7b5,Bb5b4][%mdl 32]} 14. f5 Bc8 15. g4 b4 16. Na4 Nd7 17. Be3 Rb8 18. Qe1 (18. axb4 $16 axb4 19. g5) 18... Ba6 19. b3 (19. fxg6 $6 fxg6 20. h4 (20. Qf2 Qe7 $15) 20... Ne6 $11) (19. axb4 $16 axb4 20. g5 (20. fxg6 fxg6 21. h4 c5 $11)) 19... d5 {[#]} (19... bxa3 $11 {remains equal.} 20. Qc1 gxf5 21. gxf5 a2) 20. axb4 $1 $16 (20. exd5 cxd5 21. axb4 (21. fxg6 fxg6 22. axb4 axb4 $11) 21... axb4 $14) (20. fxg6 $6 fxg6 21. axb4 (21. cxd5 cxd5 22. axb4 d4 $17) 21... axb4 $11) 20... axb4 {[#]} (20... Rxb4 $142 21. Bd2 (21. exd5 cxd5 22. Bd2 e4 $16) (21. fxg6 hxg6 22. exd5 cxd5 $16) 21... Rb7) 21. Qf2 ({But not} 21. exd5 $6 cxd5 22. Qf2 (22. fxg6 fxg6 23. Qd2 Qe7 $11) 22... Bb7 $16) (21. fxg6 $6 fxg6 22. exd5 (22. Qf2 Rf8 $15) 22... cxd5 $11) (21. g5 $142 $1) 21... d4 22. Bd2 ({Don't play} 22. fxg6 $6 fxg6 23. Bd2 Rf8 $11) 22... Qe7 (22... g5 $14) 23. Ra1 (23. g5 $18 {is more deadly.}) 23... c5 (23... g5 $16) 24. h4 Bb7 25. g5 gxf5 26. Qxf5 f6 (26... Ne6 $16 27. Bf3 Bc8) 27. Ng3 $18 fxg5 28. Bxg5 Qe6 29. Qf3 h6 30. Bd2 Rf8 31. Nf5 Rf7 (31... Qxf5 {keeps fighting.} 32. Qxf5 (32. exf5 Bxf3 33. Bxf3 Rf6 $16) 32... Rxf5) 32. Bh3 {aiming for Nxh6+!White is clearly winning.} Kh8 33. Kh2 Qg6 34. Rg1 Qf6 (34... Qh7 $142 35. Qg3 Ne8) 35. Qh5 Ne6 36. Rg6 {[%mdl 64] Double Attack. Accuracy: White = 62%, Black = 31%.} 1-0

[Event "FRA-chT Top 12 2019"]
[Site "Brest"]
[Date "2019.05.19"]
[Round "2.6"]
[White "Edouard, Romain"]
[Black "Payen, Arnaud"]
[Result "1-0"]
[WhiteElo "2642"]
[BlackElo "2358"]
[Annotator "TA"]
[PlyCount "136"]
[EventDate "2019.05.18"]
[EventType "team-tourn"]
[EventCountry "FRA"]
[SourceTitle "playchess.com"]
[Source "ChessBase"]
[SourceQuality "1"]

{[%evp 11,136,24,42,39,35,27,38,43,56,43,68,63,74,67,78,51,66,44,43,37,48,26,25,0,0,-21,0,0,0,0,21,0,44,-36,-22,-30,27,27,31,28,31,34,43,37,35,37,38,29,35,24,45,29,44,47,53,30,49,31,32,34,50,38,51,52,48,37,44,39,53,44,45,50,39,20,44,44,51,52,59,59,92,59,175,175,175,175,423,418,414,398,447,447,402,432,416,336,310,374,401,401,768,843,5194,2950,5716,4195,5111,5097,5073,4864,3796,2565,1788,1031,29975,29974,29970,29972,29977,29978,29978,29979,29979,29980,29980,29981,29981]} 1. e4 e5 2. Nf3 d6 3. d4 exd4 4. Nxd4 Nf6 5. Nc3 Be7 6. g3 O-O 7. Bg2 {C41: Philidor Defence} Re8 8. O-O Bf8 9. b3 {White is slightly better.} (9. h3 Nc6 10. Re1 Bd7 11. Be3 Ne5 12. b3 h6 13. Qd2 c6 14. a4 Qc7 {0-1 (66) Amin,B (2710)-Kazhgaleyev,M (2587) St Petersburg 2018}) 9... Bg4 10. Qd2 Qc8 $146 ({Predecessor:} 10... c5 11. Ndb5 Nc6 12. f3 Be6 13. Nd5 Bxd5 14. exd5 Ne7 {0-1 (42) Alexopoulos,G (2270)-Suer,N Blagoevgrad 1979}) 11. f3 Bd7 12. Bb2 Nc6 13. Nde2 Ne5 14. g4 h6 15. Ng3 c6 16. h3 d5 17. exd5 cxd5 18. Nce2 Bb5 19. Rfe1 Bc5+ 20. Nd4 Nc6 (20... Qc7 $5 {[%cal Re5f3]} 21. f4 Nc6 $15) 21. Ngf5 Nxd4 22. Nxd4 (22. Bxd4 $14 Bxd4+ 23. Qxd4) 22... Bd7 23. Qf4 Qb8 (23... Qc6 $142) 24. Qxb8 $11 Raxb8 25. Bf1 Rxe1 26. Rxe1 Re8 27. Rd1 Rc8 28. Bd3 g6 29. Kg2 Ne8 30. Ne2 a6 31. Bd4 Bd6 32. Be3 Bf8 33. Nf4 Nc7 34. a4 Bc6 35. h4 Re8 36. Kf2 Ne6 37. Nxe6 Rxe6 38. Bd4 Be7 39. Rh1 Bd6 40. h5 {Strongly threatening hxg6.} g5 41. Rd1 Kf8 42. a5 Bb4 43. Ra1 Bd6 44. c3 Re8 45. b4 Bd7 46. Rb1 Bb5 (46... Bc6 $1 $14) 47. Bxb5 $18 axb5 {[%mdl 4096] Endgame KRB-KRB} 48. Rd1 f5 $2 {[#]} (48... Ke7 49. Re1+ Kd7) 49. gxf5 Kf7 50. Ra1 Be5 51. a6 Bxd4+ 52. cxd4 bxa6 53. Rxa6 {KR-KR} Rc8 54. Rb6 ({Less strong is} 54. Rxh6 Rc4 $16) 54... Rc4 55. Rxb5 Rxd4 {[#]} (55... Kf6 $142 56. Rxd5 Rxb4) 56. Rb8 $1 Rf4 57. b5 {[%cal Bb4b5,Bb5b6][%mdl 32]} Ke7 58. b6 Kd7 59. Rh8 {Threatening mate with b7.} Kc6 60. Rxh6+ Kb7 61. Rh7+ Kxb6 62. h6 g4 63. Rh8 {White mates.} Rxf3+ 64. Kg2 Rxf5 65. h7 Rh5 66. Rb8+ Kc5 67. h8=Q Rxh8 68. Rxh8 Kd4 {Accuracy: White = 65%, Black = 32%.} 1-0

[Event "FRA-chT Top 12 2019"]
[Site "Brest"]
[Date "2019.05.19"]
[Round "2.6"]
[White "Libiszewski, Fabien"]
[Black "Leconte, Maria"]
[Result "1-0"]
[WhiteElo "2511"]
[BlackElo "2246"]
[Annotator "TA"]
[PlyCount "121"]
[EventDate "2019.05.18"]
[EventType "team-tourn"]
[EventCountry "FRA"]
[SourceTitle "playchess.com"]
[Source "ChessBase"]
[SourceQuality "1"]

{[%evp 12,121,47,52,74,66,71,-22,0,0,9,0,0,2,14,19,17,17,15,12,11,8,77,70,56,64,79,52,55,74,110,94,97,109,127,139,126,111,122,114,112,118,131,110,126,94,101,101,97,94,94,97,114,114,133,107,109,112,108,95,150,106,125,115,190,190,190,190,190,190,190,183,162,162,176,176,234,233,216,225,228,102,138,129,131,112,363,347,968,965,940,930,892,620,1304,1195,29972,29973,29975,29976,29976,29977,29977,29978,29976,29978,29978,29980,29982,29982,29982,29983]} 1. e4 e6 2. d4 d5 3. Nd2 c5 4. exd5 exd5 5. Bb5+ Nc6 6. Ngf3 Nf6 7. O-O cxd4 {C08: French Tarrasch: 3...c5 4 exd5 exd5 sidelines} 8. Re1+ Be7 $1 9. Ne5 $146 (9. Qe2 $16) ({Predecessor:} 9. Qe2 Bd7 10. b3 Kf8 11. Bb2 Bd6 12. Nxd4 Qc7 13. N2f3 Re8 14. Qf1 h6 15. Bd3 Nxd4 16. Nxd4 Be5 17. g3 g5 {1-0 (32) Nguyen,P (2440)-Perhinig,R (2315) Graz 2016}) 9... Bd7 {The position is equal.} (9... Qb6 {feels hotter.} 10. Ba4 Be6 11. Nb3 O-O 12. Bxc6 bxc6 13. Nxd4 Bd6) 10. Nxd7 Qxd7 11. Nf3 O-O 12. Nxd4 Bd6 13. Bg5 {Black must now prevent Bxf6.} Ne4 14. Be3 Rfe8 15. c3 a6 16. Ba4 Bc7 (16... Rad8 $11 {remains equal.}) 17. Nxc6 bxc6 {[#]} 18. c4 $1 {[%mdl 512]} Qd6 (18... dxc4 19. Qxd7) 19. g3 Ba5 20. Re2 Red8 21. cxd5 cxd5 22. Rc1 Rac8 23. Rxc8 Rxc8 24. Bb3 Rd8 25. Qd4 h6 26. Kg2 Nf6 27. Bf4 Qb4 28. Be5 Qb5 29. Bxf6 Qxe2 30. Bxd8 ({Don't play} 30. Bxg7 Qe4+ 31. Kh3 (31. Qxe4 dxe4 32. Be5 Rd2 $17) 31... Qe6+ 32. Kg2 Bb6 $17) 30... Bxd8 31. Bxd5 Qe7 32. b4 Kf8 33. a4 {[%cal Ba2a4,Ba4a5,Ba5a6][%mdl 32]} Qd6 34. Qc4 Qd7 35. Bc6 Qa7 ({Black should try} 35... Qe7 36. a5 g6) 36. Qd5 {[%cal Rd5d8]} Qe7 37. a5 {Hoping for Bb7.} Bc7 (37... g6 $16 {was worth a try.} 38. Bb7 Bc7) 38. Qc4 $1 $36 {[%cal Rc4a6][%mdl 2048] White is in control.} Bd8 39. Qxa6 Qxb4 40. Qe2 $1 {[%csl Gc6][%cal Re2e8]} Qe7 41. Qb5 $1 g6 42. a6 $1 Qa7 43. Qe5 {Threatens to win with Qh8+.} Bb6 (43... Qxa6 $142 44. Qh8+ {[%mdl 64] Double Attack} Ke7) 44. Qh8+ Ke7 45. Qe8+ Kf6 46. f4 (46. Bd5 $1 $18 {is the precise move to win.}) 46... Bd4 47. Bd5 Kg7 48. Kf3 Qc7 $2 {[%mdl 8192] [#]} (48... h5 $16) 49. Ke4 $1 {And now Bxf7 would win.} Ba7 $2 (49... Qa7 50. Bxf7 Bg1 51. Qg8+ Kf6 52. Qxg6+ {[%mdl 64] Double Attack} Ke7 53. Qe6+ Kd8 54. Qe8+ Kc7 55. Qe7+ Kb6 56. Qd6+ Ka5 57. Qa3+ Kb6 58. Qd6+ Ka5 59. Qa3+ Kb6 60. Qb2+ Kc7 61. Qe5+ Kb6 62. Qf6+ Kc7 63. Qe7+ Kb6 64. Qd6+) 50. Qe5+ Qxe5+ 51. Kxe5 {[%mdl 4096] Endgame KB-KB} (51. fxe5 f5+ 52. Kf4 Bf2 $18) 51... Bb8+ 52. Kd4 g5 53. Be4 gxf4 54. gxf4 {White mates.} Kf6 {[#]} 55. Kd5 $1 {[%cal Rd5c6]} Ba7 56. Kc6 Ke6 57. Kb7 Bd4 58. a7 Bxa7 59. Kxa7 f5 60. Bf3 Kd6 61. Kb6 {Accuracy: White = 71%, Black = 38%.} 1-0

[Event "FRA-chT Top 12 2019"]
[Site "Brest"]
[Date "2019.05.19"]
[Round "2.6"]
[White "Terrieux, Kevin"]
[Black "Sokolov, Andrei"]
[Result "1/2-1/2"]
[WhiteElo "2455"]
[BlackElo "2496"]
[Annotator "TA"]
[PlyCount "83"]
[EventDate "2019.05.18"]
[EventType "team-tourn"]
[EventCountry "FRA"]
[SourceTitle "playchess.com"]
[Source "ChessBase"]
[SourceQuality "1"]

{[%evp 16,83,29,34,33,50,39,34,43,29,30,27,35,41,20,22,25,16,69,65,66,53,57,61,54,62,58,53,62,60,81,77,81,68,100,35,34,22,20,24,25,20,20,0,0,0,0,0,0,0,0,0,0,0,7,0,8,0,0,0,0,0,22,0,0,0,32,0,0,0]} 1. e4 c5 2. Nf3 e6 3. d4 cxd4 4. Nxd4 Nf6 5. Nc3 d6 6. g4 h6 7. h4 Nc6 8. Rg1 d5 9. exd5 Nxd5 {B81: Sicilian Scheveningen: Keres Attack} 10. Nxd5 exd5 11. Be3 Qxh4 {White is slightly better.} 12. Qe2 (12. Qf3 Nxd4 13. Bxd4 Qe7+ 14. Be2 Qe4 15. Qc3 Be6 16. f3 Qf4 17. Bb5+ {0-1 (59) Nepomniachtchi,I (2763)-Duda,J (2738) St Petersburg 2018}) 12... Nxd4 13. Bxd4+ Qe7 14. O-O-O Qxe2 15. Bxe2 Bd7 16. Bf3 $146 ({Predecessor:} 16. Rge1 Bc6 17. g5 {½-½ (25) Conde Poderoso,A (2345)-Rivas Maceda,J (2383) ICCF email 2016}) 16... O-O-O (16... Bc6 $11) 17. Bxa7 $14 Bc6 18. Rd3 Bd6 19. Rgd1 Bf4+ 20. Kb1 Rhe8 21. a3 g6 22. Bb6 Bc7 23. Be3 Rh8 24. Rh1 d4 25. Bc1 ({White should try} 25. Bxh6 $16 Bb6 26. Rb3) 25... h5 26. gxh5 {aiming for h6.} Bxf3 27. Rxf3 {h6 is the strong threat.} Rxh5 28. Re1 Rd7 29. b4 b5 30. Bb2 Be5 31. Rd3 Rf5 32. f3 Kc7 33. Red1 Rd6 34. Ka2 Kc6 35. Kb3 Kc7 36. a4 bxa4+ 37. Kxa4 Ra6+ 38. Kb3 Rd6 39. Kc4 Rc6+ 40. Kb3 Rd6 41. Kc4 Rc6+ 42. Kb3 {Accuracy: White = 44%, Black = 72%.} 1/2-1/2

[Event "FRA-chT Top 12 2019"]
[Site "Brest"]
[Date "2019.05.19"]
[Round "2.6"]
[White "Genzling, Alain"]
[Black "Milliet, Sophie"]
[Result "1/2-1/2"]
[WhiteElo "2376"]
[BlackElo "2400"]
[Annotator "TA"]
[PlyCount "124"]
[EventDate "2019.05.18"]
[EventType "team-tourn"]
[EventCountry "FRA"]
[SourceTitle "playchess.com"]
[Source "ChessBase"]
[SourceQuality "1"]

{[%evp 13,124,17,16,12,25,2,17,0,0,-10,21,23,28,18,25,35,35,41,50,51,50,48,48,45,39,0,0,0,49,31,57,48,77,56,52,58,62,50,98,111,108,100,103,101,102,112,102,108,105,106,103,92,106,81,182,184,210,230,232,225,287,289,284,280,259,110,100,86,350,186,169,173,309,191,265,41,37,37,64,8,12,0,0,0,0,0,0,0,13,13,14,8,8,8,8,0,0,0,0,0,0,0,0,0,0,0,0,0,0,0,0,-8,0]} 1. c4 c5 2. g3 g6 3. Bg2 Bg7 4. e3 Nc6 5. Ne2 d6 6. Nbc3 e5 7. O-O Nge7 8. d3 {A36: Symmetrical English vs ...g6: 4 Bg2 Bg7} (8. a3 a5 9. Nd5 O-O 10. Nec3 Nxd5 11. Nxd5 a4 12. d3 Bd7 13. b4 axb3 14. Qxb3 Na5 15. Qb6 e4 16. Bd2 Bxa1 17. Rxa1 Qxb6 18. Nxb6 {1-0 (48) Vachier Lagrave,M (2780)-Salomon,J (2494) chess.com INT 2019}) 8... h5 9. Nd5 h4 $146 (9... O-O {is more complex.} 10. a3 a6 11. Bd2 Rb8 12. Nec3 Bf5) ({Predecessor:} 9... O-O 10. Bd2 h4 11. Bc3 Nxd5 12. cxd5 Ne7 13. b4 hxg3 14. hxg3 cxb4 15. Bxb4 a5 {½-½ (34) Tahirov,F (2571)-Kurnosov,I (2477) Serpukhov 2002}) 10. Nec3 Nxd5 11. cxd5 Ne7 12. Rb1 h3 13. Bh1 Nf5 14. b4 b6 15. bxc5 bxc5 16. Qa4+ Bd7 17. Qa6 O-O 18. Ne4 Bc8 19. Qc6 Bd7 20. Qa6 Bc8 $1 {[%cal Rc8a6]} 21. Qa4 a5 22. Nd2 Bd7 23. Qa3 Qc7 24. Nc4 Rfb8 25. Bd2 Rxb1 26. Rxb1 Rb8 27. Rxb8+ Qxb8 28. Qb3 Qxb3 29. axb3 a4 30. bxa4 Bxa4 31. g4 Nh6 32. Nxd6 Nxg4 33. Nb7 Bf8 (33... Bb5 $16) 34. d6 $1 $18 Bb5 {[#]} 35. Bc3 $1 Nf6 {[#]} 36. f4 $1 Ng4 37. Bf3 ({Not} 37. fxe5 Bh6 $14) 37... Nxe3 38. fxe5 Nf5 39. Bg4 (39. Nxc5 $18 {and the rest is easy. Bd2 is the strong threat.} Nxd6 40. exd6 Bxd6 41. Bd4) 39... Bh6 $16 40. Kf2 {Threatens to win with Bxf5.} Bc6 $2 {[%mdl 8192]} (40... Be3+ $16 {was worth a try.} 41. Ke2 Bg1) 41. Na5 (41. Bxf5 $142 gxf5 42. Nxc5) 41... Bd7 $18 42. Bxh3 Bf4 (42... Be3+ {was called for.} 43. Kf3 Bg1) 43. Nb3 Kf8 (43... Be3+ $142 44. Kf3 Bc6+ 45. Ke2 Bg1 46. Bxf5 gxf5) 44. Bg2 $2 ({Only move:} 44. Bxf5 $1 $18 Bxf5 45. Nxc5) 44... f6 45. exf6 Bxd6 46. Nd2 (46. Bd5 $14) 46... Bxh2 $11 {The position is equal.} 47. Ne4 Bf4 48. Bh3 Be3+ 49. Kf3 Bd4 50. Kf4 {And now Bxd4 would win.} Bb5 51. Bxd4 Nxd4 52. Nxc5 {[%mdl 4096] Endgame aiming for Ke4. KBN-KBN} Kf7 53. Ke4 Nc6 $1 54. Nd7 Nb4 55. d4 Bxd7 56. Bxd7 Kxf6 {KB-KN} 57. Ba4 g5 58. Bd7 Ke7 59. Bg4 Kd6 60. Bf3 Nc6 61. Kf5 Nxd4+ 62. Kxg5 Ke5 {Accuracy: White = 50%, Black = 54%.} 1/2-1/2

[Event "FRA-chT Top 12 2019"]
[Site "Brest"]
[Date "2019.05.19"]
[Round "2.6"]
[White "Spielmann, Alain"]
[Black "Barseghyan, Harutyun"]
[Result "0-1"]
[WhiteElo "2216"]
[BlackElo "2470"]
[Annotator "TA"]
[PlyCount "58"]
[EventDate "2019.05.18"]
[EventType "team-tourn"]
[EventCountry "FRA"]
[SourceTitle "playchess.com"]
[Source "ChessBase"]
[SourceQuality "1"]

{[%evp 18,58,0,0,0,0,21,14,13,0,12,2,14,-44,-14,-12,0,0,13,-25,-35,-80,-84,-80,-83,-87,-79,-84,-32,-161,-110,-122,-122,-202,-217,-207,-221,-216,-147,-678,-683,-1694,-1660]} 1. d4 Nf6 2. Nf3 c5 3. e3 d5 4. c4 cxd4 5. exd4 g6 6. Nc3 Bg7 7. Be2 dxc4 8. Bxc4 O-O 9. O-O Nc6 10. Re1 Na5 {D94: Grünfeld: 4 Nf3 Bg7 5 e3} 11. Bf1 Bf5 $146 ({Predecessor:} 11... b6 12. Ne5 Bb7 13. Bg5 h6 14. Bf4 Rc8 15. Qd2 Kh7 16. Rad1 Nd5 17. h4 e6 18. h5 gxh5 19. Nxd5 Bxd5 {0-1 (53) Schreiner,P (2480)-Rapport,R (2726) Germany 2018}) 12. Bg5 Rc8 {The position is equal.} 13. Qd2 a6 14. Rad1 b5 15. a3 (15. d5 $11) 15... Re8 16. Qf4 Bc2 17. Rd2 Bb3 18. Qh4 Bc4 19. Bd3 Bxd3 20. Rxd3 Nc4 21. Re2 Nd5 22. Ne4 Qd7 (22... f6 $17 23. Bc1 Nd6) 23. g4 (23. b4 $15) 23... Nf6 (23... f6 $19 24. Nc5 Rxc5 25. dxc5 fxg5 26. Nxg5 h6) 24. Bxf6 $17 exf6 25. g5 {[#]} (25. b4 $17 {was necessary.}) 25... fxg5 $1 $19 26. Nfxg5 h6 27. Nf3 Qf5 {White must now prevent ...g5.} 28. Rb3 $2 {[%mdl 8192]} (28. h3 $17) 28... g5 29. Ng3 Qb1+ {Accuracy: White = 22%, Black = 58%.} ({Weaker is} 29... gxh4 30. Rxe8+ Rxe8 31. Nxf5 $11) 0-1

[Event "FRA-chT Top 12 2019"]
[Site "Brest"]
[Date "2019.05.19"]
[Round "2.6"]
[White "Le Hay, Thierry"]
[Black "Moussard, Jules"]
[Result "0-1"]
[WhiteElo "2055"]
[BlackElo "2583"]
[Annotator "TA"]
[PlyCount "60"]
[EventDate "2019.05.18"]
[EventType "team-tourn"]
[EventCountry "FRA"]
[SourceTitle "playchess.com"]
[Source "ChessBase"]
[SourceQuality "1"]

{[%evp 21,60,12,0,3,16,-43,-49,-48,-52,-41,5,2,8,4,4,-8,19,19,19,12,35,24,29,28,31,0,0,-34,-29,-33,-26,-30,-30,-31,-31,-110,-111,-105,-106,-126,-116]} 1. d4 d6 2. Nf3 g6 3. c4 f5 4. Nc3 Nf6 5. g3 Bg7 6. Bg2 O-O 7. O-O Qe8 8. d5 Na6 {[%cal Bb8a6,Ba6c5,Bc5e4][%mdl 32]} 9. Rb1 Nc5 10. b4 Nfe4 11. Nxe4 Nxe4 12. Qc2 {A87: Dutch Defence: Leningrad System: 5 Nf3} a5 13. Bb2 (13. b5 $11) (13. b5 e5 14. dxe6 Qe7 15. Bb2 Bxb2 16. Rxb2 Bxe6 17. Nd2 {½-½ (17) Vaindl,J (2597)-Timm,J (2599) ICCF corr 2002}) 13... Bxb2 $15 14. Rxb2 {Black is slightly better.} axb4 15. Rxb4 e5 16. dxe6 $1 Nc5 $146 ({Predecessor:} 16... c6 17. Rb3 Qxe6 18. Rd3 Qf6 19. Rfd1 f4 {1-0 (54) Reis,G (2240)-Ruettinger,J (2080) Fuerth 2001}) 17. Nd4 c6 18. Rb6 {[%cal Rb6c6] aiming for Rxc6!} (18. Nb3 {keeps more tension.} Na6 19. Ra4 Bxe6 20. Rd1 Qe7 21. e3) 18... Nxe6 (18... Qd8 {with more complications.} 19. Rbb1 Qe7 20. e3 Bxe6 21. Nb3 Ne4) 19. Nxe6 Qxe6 20. e3 Ra5 {[%cal Ba8a5,Ba5e5,Be5e3][%mdl 32]} 21. Rb4 g5 22. Qd2 Re5 23. Rd1 f4 24. Qxd6 Qxd6 25. Rxd6 fxe3 26. fxe3 Rxe3 {[#] ( -> ...Re1+)} 27. Rd1 Re2 28. Rf1 ({White should try} 28. Ra4 $15) 28... Rxf1+ $17 {Black is better.} ({Of course not} 28... Rxa2 $6 29. Rxf8+ Kxf8 {[#]} 30. Bxc6 $1 $11 {[%mdl 512]}) 29. Bxf1 Rxa2 30. Rb1 Kf7 {Accuracy: White = 43%, Black = 58%.} 0-1

[Event "FRA-chT Top 12 2019"]
[Site "Brest"]
[Date "2019.05.19"]
[Round "2.7"]
[White "Cornette, Matthieu"]
[Black "Ringuet, Noe"]
[Result "1-0"]
[WhiteElo "2553"]
[BlackElo "2143"]
[Annotator "TA"]
[PlyCount "67"]
[EventDate "2019.05.18"]
[EventType "team-tourn"]
[EventCountry "FRA"]
[SourceTitle "playchess.com"]
[Source "ChessBase"]
[SourceQuality "1"]

{[%evp 9,67,8,7,4,19,8,6,2,2,0,39,54,80,77,105,85,95,92,97,94,86,82,85,81,87,82,111,102,109,93,87,77,92,73,118,116,112,66,207,116,117,100,99,93,192,170,183,110,1010,1003,986,709,691,676,666,681,656,656,597,589]} 1. Nf3 f5 2. d4 Nf6 3. Bg5 e6 4. Nbd2 Be7 5. e3 O-O 6. Bd3 {A80: Dutch Defence: Unusual White second moves} b6 7. c3 Bb7 8. Bxf6 {The position is equal.} Bxf6 9. e4 fxe4 (9... g6 10. h4 d5 11. e5 Be7 12. Ng5 Bxg5 13. hxg5 {1-0 (35) Andreikin,D (2712)-Lagarde,M (2587) Karlsruhe 2018}) 10. Nxe4 d5 $146 ({Predecessor:} 10... Nc6 11. Qc2 h6 12. O-O-O Ne7 13. Nxf6+ Rxf6 {½-½ (21) Sterna-Belavenets,L Leningrad 1962}) 11. Nxf6+ Qxf6 12. Qc2 g6 13. Ne5 c5 14. O-O cxd4 15. cxd4 Rc8 16. Qe2 Nc6 17. Ng4 Qg7 18. Qxe6+ {[%mdl 64] [#] Double Attack} Kh8 19. Rfe1 Nxd4 20. Qd6 {Threatens to win with Re7.} Rd8 21. Qe7 {Black must now prevent Qxg7+.} Nc6 22. Qh4 Re8 23. h3 a6 (23... Re7 $1 $14) 24. Rad1 (24. Nf6 $18 Re5 25. f4 Rxe1+ 26. Rxe1) 24... Re7 $16 25. Rxe7 Qxe7 26. Qh6 Qe6 (26... Rd8 $16) 27. Rd2 $40 {[%cal Bd1d2,Bd2e2,Be2e6][%mdl 160] White is out for blood.} Qe1+ 28. Kh2 (28. Bf1 $18 {Strongly threatening Re2.} Qe6 29. Qf4) 28... Ne5 $2 {[%mdl 8192] [#]} (28... Qe7 $16) 29. Re2 $1 $18 {[%mdl 512] Intending Nf6 and mate.White is clearly winning.} Nxg4+ 30. hxg4 Qb4 31. Re6 {Bxg6 would kill now.} Rf8 32. Bxg6 {[%csl Gg6][%cal Rh6h7]} Qf4+ 33. Qxf4 Rxf4 34. Bf5 {Accuracy: White = 66%, Black = 36%.} 1-0

[Event "FRA-chT Top 12 2019"]
[Site "Brest"]
[Date "2019.05.19"]
[Round "2.7"]
[White "Smith, Axel"]
[Black "Koch, Jean-Rene"]
[Result "1/2-1/2"]
[WhiteElo "2481"]
[BlackElo "2465"]
[Annotator "TA"]
[PlyCount "42"]
[EventDate "2019.05.18"]
[EventType "team-tourn"]
[EventCountry "FRA"]
[SourceTitle "playchess.com"]
[Source "ChessBase"]
[SourceQuality "1"]

{[%evp 11,42,0,0,0,0,0,0,0,0,0,0,0,0,0,22,0,31,12,14,19,35,0,0,0,0,-7,-7,-8,0,0,0,-3,-6]} 1. d4 d5 2. c4 e6 3. Nf3 dxc4 4. e4 b5 5. a4 c6 6. axb5 cxb5 7. b3 {D21: Queen's Gambit Accepted: 3 Nf3 sidelines} Nf6 8. bxc4 Nxe4 (8... bxc4 9. e5 Nd5 10. Bxc4 Be7 11. Ba3 O-O 12. O-O a5 13. Nbd2 Bxa3 14. Rxa3 Ba6 {½-½ (33) Volkov,S (2592)-Piorun,K (2609) Bad Wiessee 2015}) 9. cxb5 Bb7 10. Nbd2 Bb4 11. Bd3 Nxd2 $146 ({Predecessor:} 11... Nd7 12. O-O Nxd2 13. Bxd2 Bxf3 14. gxf3 Bxd2 15. Qxd2 {½-½ (44) Bischof,G-Leisebein,P GER email 2009}) 12. Bxd2 Bxd2+ 13. Qxd2 ({Of course not} 13. Kxd2 Qd6 $15) 13... Nd7 14. Qe3 O-O 15. O-O Qb6 16. Ra4 a6 {The position is equal.} 17. bxa6 Bxa6 18. Rfa1 {[%cal Ra4a6]} Bb7 19. Rxa8 Rxa8 20. Rxa8+ Bxa8 21. Be4 Bxe4 {Accuracy: White = 74%, Black = 71%.} 1/2-1/2